00474 2200181 4500001002100000005001500021035001900036245006600055100001200121300003800133260004400171082000700215084001300222022001300235863001600248990001400264990001400278INLIS00000000000061420211025075105$a 0010-1021000002$a Utang A.S.I maring biyung desauri ora bakal lunas /$c Yusmanto$a Yusmanto$a 43 hlm : $b ilus ; $c 19 x 26.5 cm$a Purwokertp :$b Yayasan Carablaka,$c 2021$a 050$a 050 YUS u$a 2087-023X$a Agustus 2021$a MA015/2021$a MA016/2021